000 00734nam a2200289Ia 4500
005 20260324115736.0
008 008 260324s9999 xx 000 0 eng d
020 _a9780429183881
037 _aEBOOK
040 _aCRL
040 _beng
040 _cCRL
041 _2eng
041 _aeng
084 _qCRL
100 _aDavid Schiraldi; Gennady E. Zaikov
_91155837
245 0 _aChemical and Biochemical Physics
245 2 _bA Systematic Approach to Experiments, Evaluation, and Modeling
260 _bTaylor and Francis
260 _c2016
365 _a
365 _b280
856 _uhttp://www.taylorfrancis.com/books/9780429183881
942 _cEBOOK
999 _c1746934
_d1746934